书目信息 |
| 题名: |
现代领导与人才发展战略
|
|
| 作者: | 顾杰 , 朱正亮 主编 | |
| 分册: | ||
| 出版信息: | 北京 世界图书出版公司 2013 |
|
| 页数: | 231页 | |
| 开本: | 24cm | |
| 丛书名: | ||
| 单 册: | ||
| 中图分类: | C933-53 , C961-53 , C933 | |
| 科图分类: | ||
| 主题词: | 领导学--ling dao xue--文集 , 人才培养--ren cai pei yang--文集 | |
| 电子资源: | ||
| ISBN: | 978-7-5100-3795-5 | |
| 000 | 00967nam0 2200277 450 | |
| 001 | 2354927690 | |
| 005 | 20231213151605.00 | |
| 010 | @a978-7-5100-3795-5@dCNY50.00 | |
| 100 | @a20130318d2013 em y0chiy50 ea | |
| 101 | 0 | @achi |
| 102 | @aCN@b110000 | |
| 105 | @aa z 000yy | |
| 200 | 1 | @a现代领导与人才发展战略@Axian dai ling dao yu ren cai fa zhan zhan lve@f顾杰, 朱正亮主编 |
| 205 | @a第2版 | |
| 210 | @a北京@c世界图书出版公司@d2013 | |
| 215 | @a231页@c图@d24cm | |
| 330 | @a本书收录了: 《论现代领导在人才发展战略中的地位和作用》、《试析领导干部竞争上岗机制的特质》、《营造科技创新环境培养一流领军人才》、《论领导理念、环境、人才与发展》等文章。 | |
| 606 | 0 | @a领导学@Aling dao xue@j文集 |
| 606 | 0 | @a人才培养@Aren cai pei yang@j文集 |
| 690 | @aC933-53@v5 | |
| 690 | @aC961-53@v5 | |
| 690 | @aC933@v4 | |
| 701 | 0 | @a顾杰@Agu jie@4主编 |
| 701 | 0 | @a朱正亮@Azhu zheng liang@4主编 |
| 801 | 0 | @aCN@b湖北三新@c20131019 |
| 905 | @aZUCC@dC933@e319=2 | |
| 现代领导与人才发展战略/顾杰, 朱正亮主编.-第2版.-北京:世界图书出版公司,2013 |
| 231页:图;24cm |
| ISBN 978-7-5100-3795-5:CNY50.00 |
| 本书收录了: 《论现代领导在人才发展战略中的地位和作用》、《试析领导干部竞争上岗机制的特质》、《营造科技创新环境培养一流领军人才》、《论领导理念、环境、人才与发展》等文章。 |
| ● |
| 相关链接 |
|
|
|
正题名:现代领导与人才发展战略
索取号:C933/319=2
 
预约/预借
| 序号 | 登录号 | 条形码 | 馆藏地/架位号 | 状态 | 备注 |
| 1 | 2001467686 | 2001467686 | 218书库/ [索取号:C933/319=2] | 在馆 | |
| 2 | 2001467687 | 2001467687 | 218书库/ [索取号:C933/319=2] | 在馆 | |
| 3 | 2001467688 | 2001467688 | 218书库/ [索取号:C933/319=2] | 在馆 | |
| 4 | 2001467689 | 2001467689 | 218书库/ [索取号:C933/319=2] | 在馆 | |
| 5 | 2001467690 | 2001467690 | 315书库/ [索取号:C933/319=2] | 在馆 | |
| 6 | 2001467691 | 2001467691 | 315书库/ [索取号:C933/319=2] | 在馆 | |
| 7 | 2001467692 | 2001467692 | 315书库/ [索取号:C933/319=2] | 在馆 | |
| 8 | 2001467693 | 2001467693 | 315书库/ [索取号:C933/319=2] | 在馆 | |
| 9 | 2001467694 | 2001467694 | 315书库/ [索取号:C933/319=2] | 在馆 | |
| 10 | 2001467695 | 2001467695 | 315书库/ [索取号:C933/319=2] | 在馆 |